Sintez i primenenije algoritmov obrabotki informacii i upravlenija pri različnych tipach neopredelennosti

Salvato in:
Dettagli Bibliografici
Natura: Libro
Lingua:russo
Pubblicazione: Frunze Ilim 1983
Tags: Aggiungi Tag
Nessun Tag, puoi essere il primo ad aggiungerne!!

MARC

LEADER 00000nam a2200000 4500
001 c106855
005 20260130123010.4
041 0 |a rus 
044 |a KG 
245 1 0 |a Sintez i primenenije algoritmov obrabotki informacii i upravlenija pri različnych tipach neopredelennosti 
264 1 |a Frunze  |b Ilim  |c 1983 
300 |a 133 s.